Bombay Modern : (Record no. 152228)

MARC details
000 -LEADER
fixed length control field 00634nam a22001937a 4500
005 - DATE AND TIME OF LATEST TRANSACTION
control field 20180523151826.0
010 ## - LCCN (DPL NO)
LC control number ENG-123083
020 ## - INTERNATIONAL STANDARD BOOK NUMBER
International Standard Book Number 9789386338335
Terms of availability 495.00
035 ## - SYSTEM CONTROL NUMBER
System control number EN-106615
037 ## - SOURCE OF ACQUISITION
Source of stock number/acquisition DBAD/PUB
082 ## - DEWEY DECIMAL CLASSIFICATION NUMBER
Classification number 881.914
100 ## - MAIN ENTRY--PERSONAL NAME
Personal name Nerlekar, Anjali
245 ## - TITLE STATEMENT
Title Bombay Modern :
Statement of responsibility, etc by Anjali Nerlekar
Remainder of title Arun kolatkar and bilingual literary culture /
260 ## - PUBLICATION, DISTRIBUTION, ETC. (IMPRINT)
Place of publication, distribution, etc New Delhi
Name of publisher, distributor, etc Speaking Tiger Publishing
Date of publication, distribution, etc 2017
270 ## - ADDRESS
Address 4381/4, Ansari Road, Daryaganj,
City New Delhi
Postal code 110002
300 ## - PHYSICAL DESCRIPTION
Extent 292p.
Dimensions 22cm.(pbk)
500 ## - GENERAL NOTE
General note It include notes bibliography and index
942 ## - ADDED ENTRY ELEMENTS (KOHA)
Source of classification or shelving scheme Dewey Decimal Classification
Item type English Books
Classification part 881.914
Call number suffix NER
Holdings
Withdrawn status Lost status Not for loan Collection code Home library Current library Date acquired Source of acquisition Cost, normal purchase price Full call number Barcode Copy number Cost, replacement price Koha item type
    Not For Loan Non-fiction D.B.Act.Division Patel Nagar 23/05/2018 DBAD/PUB 495.00 881.914 NER EN-106615 1 495.00 English Books

© Delhi Public Library
Hit Counter
free hit counter